Reforma agraria y recuperaciones de tierras en Honduras: proyecto de investigación

Kaydedildi:
Detaylı Bibliyografya
Yazar: Castro Cárdenas, Anacleto
Materyal Türü: Metin
Baskı/Yayın Bilgisi: San José: Universidad de Costa Rica
Etiketler: Etiketle
Etiket eklenmemiş, İlk siz ekleyin!

MARC

LEADER 00000 a a2200000 04500
001 20907
003
040
090 |a 089500  
100 |a Castro Cárdenas, Anacleto  
245 |a Reforma agraria y recuperaciones de tierras en Honduras: proyecto de investigación  
260 |a San José:   |b Universidad de Costa Rica  
300 |a 23 p.  
999 |c 14498  |d 14498